000 00410nam a2200157Ia 4500
008 230711s9999||||xx |||||||||||||| ||und||
041 _aENG
082 _a621.106
_bRA-H
100 _aRamamrutham,S
245 0 _aHydraulics Fluid Mechanics and Fluid Machines
250 _a9th Ed.
260 _c2017
_aDelhi
_bDhanpat Rai & Co.(Pvt.)Ltd.
300 _a1086p.
650 _aMechanical Engineering
942 _cBK
999 _c6688
_d6688